000 02207nam0a2200409 4500
001 RU\NLR\bibl\433799
005 20260406155246.0
010 _a5-9258-0065-6
_bВ пер.
_910000
021 _aRU
_b2003-31853
_91506
035 _a(NLR Aleph) 000427627
090 _a734531
_c734531
100 _a20030826d2003 |||y0rusy50 ca
101 0 _arus
102 _aRU
105 _ay |||||||||
200 1 _aАрбитражный процесс
_eУчебник
_e[Для студентов юрид. вузов и фак.
_fАндреева Т.К, Борисова Е.А., Иванова С.А. и др.]
_gПод ред. М.К. Треушникова
210 _aМ.
_cГородец-издат
_d2003
215 _a656 с.
_d22
300 _aАвт. указаны на обороте тит. л.
606 0 _aАрбитражный процесс
_jРуководства, пособия и т.п.
_yРоссийская Федерация
_92079002
_3RU\NLR\auth\661254870
606 0 _aАрбитражный процесс
_jУчебные издания для высших учебных заведений
_yРоссийская Федерация
_92079002
_3RU\NLR\auth\661254870
610 0 _aАрбитражный процесс Российской Федерации
675 _a347.918(075.8)
_v3
_zrus
686 _a10.31
_2rugasnti
686 _a67.410
_2rubbk
686 _aХ629.221я73
701 1 _4070
_8rus
_7ca
_aАндреева
_bТ. К.
_cканд. юрид. наук
_gТатьяна Константиновна
_3RU\NLR\auth\772702
_9112710
701 1 _4070
_8rus
_7ca
_aБорисова
_bЕ. А.
_cд-р юрид. наук
_f1966-
_gЕлена Александровна
_3RU\NLR\AUTH\774421
_9114402
701 1 _4070
_8rus
_7ca
_aИванова
_bС.А.
_cканд. юрид. наук.
_gСерафима Александровна
_3RU\NLR\auth\7725730
_98775
702 1 _4340
_8rus
_7ca
_aТреушников
_f1938-2021
_bМ. К.
_gМихаил Константинович
_3RU\NLR\AUTH\777483
_9117417
801 0 _aRU
_bRKP
_c20030826
_gPSBO
801 1 _aRU
_bRKP
_c20030826
801 2 _aRU
_bNLR
_c20070329
_grcr
942 _cBOOK
980 _aNB